| 000 | 00538nam a22001695 4500 | ||
|---|---|---|---|
| 001 | 160979 | ||
| 003 | ES-MaACL | ||
| 005 | 20250716063318.0 | ||
| 008 | 930618s1900 sp |||| | cat d | ||
| 080 | _a849.9-2"18/19" | ||
| 100 | 1 |
_aOller, Narcís, _d1846-1930 _986912 |
|
| 245 | 1 | 0 |
_aTeatre d'aficionats _b: comedias y monolechs / _cNarcís Oller. |
| 260 |
_aBarcelona : _b[s.n.], _c1900 ( _fFidel Giró, Impr.) |
||
| 300 |
_aXVII, 350 p. ; _c19 cm. |
||
| 852 |
_aES-MaACL _jB-1036 _z. - Enc. hol. |
||
| 999 |
_c160979 _d160979 |
||